[Event "Fagernes GM-A 2019"]
[Site "Fagernes"]
[Date "2019.04.15"]
[Round "2.21"]
[White "Isha Sharma"]
[Black "Bjerke, Richard"]
[Result "1/2-1/2"]
[WhiteElo "1989"]
[BlackElo "2156"]
[Annotator "NA"]
[PlyCount "105"]
[EventDate "2019.04.14"]
[EventType "tourn"]
[EventCountry "NOR"]
[SourceTitle "playchess.com"]
[Source "ChessBase"]
[SourceQuality "1"]
[TimeControl "40/7200:3600"]

1. e4 {[%emt 0:00:04]} c5 {[%emt 0:00:24]} 2. Nf3 {[%emt 0:00:13]} d6 {[%emt 0:00:40]} 3. Bb5+ {[%emt 0:00:12]} Nc6 {[%emt 0:00:49]} 4. O-O {[%emt 0:01:22]} Bd7 {[%emt 0:00:29]} 5. Re1 {[%emt 0:00:23]} a6 {[%emt 0:00:56]} 6. Bf1 {[%emt 0:00:26]} Nf6 {[%emt 0:00:28]} 7. c3 {[%emt 0:00:23]} Bg4 {[%emt 0:00:47]} 8. d3 {[%emt 0:01:23]} e6 {[%emt 0:01:07]} 9. Nbd2 {[%emt 0:00:37]} Be7 {[%emt 0:00:33]} 10. h3 {[%emt 0:00:41]} Bh5 {[%emt 0:01:44]} 11. Qe2 {[%emt 0:04:34] B51: Sicilian: Moscow Variation (3 Bb5+) without 3...Bd7} Rc8 $146 {[%emt 0:02:13]} ({Predecessor:} 11... d5 12. g3 O-O 13. Bg2 Nd7 14. Nf1 Re8 15. exd5 exd5 16. g4 Bg6 17. Bf4 Nf8 18. Bg3 Ne6 {0-1 (46) Raghavi,N (2038)-Illescas Cordoba,M (2601) La Massana 2012}) 12. g4 {[%emt 0:02:32]} Bg6 {[%emt 0:00:10]} 13. Bg2 {[%emt 0:00:13]} Nd7 {[%emt 0:01:27]} 14. Nf1 {[%emt 0:01:06]} h5 {[%emt 0:05:07]} 15. g5 {[%emt 0:02:02]} h4 {[%emt 0:01:42]} 16. Bd2 {[%emt 0:03:18]} Nde5 {[%emt 0:06:40]} 17. N1h2 {[%emt 0:05:18]} Nxf3+ {[%emt 0:02:56]} 18. Nxf3 {[%emt 0:00:54]} Ne5 {[%emt 0:00:32]} 19. Nh2 {[%emt 0:01:31]} (19. Qe3 $1 $11 {remains equal.}) 19... Bh5 {[%emt 0:20:00]} ({But not} 19... Bxg5 $6 20. f4 $11) 20. Qe3 {[%emt 0:02:51]} c4 {[%emt 0:02:22]} 21. d4 {[%emt 0:01:01]} Nd3 {[%emt 0:00:38]} 22. Bf1 {[%emt 0:12:25]} Nxe1 {[%emt 0:01:31]} 23. Rxe1 {[%emt 0:00:04]} Qa5 {[%emt 0:06:34]} 24. a3 {[%emt 0:00:48]} Qb5 {[%emt 0:02:18]} 25. Bc1 {[%emt 0:00:11]} Qb3 {[%emt 0:06:50]} 26. Qf4 {[%emt 0:01:32]} Bd1 $15 {[%emt 0:03:40]} 27. Qd2 {[%emt 0:05:09]} Bc2 {[%emt 0:00:56]} 28. f4 {[%emt 0:03:35]} Bb1 {[%emt 0:03:57]} 29. Qf2 {[%emt 0:01:56]} Qb5 {[%emt 0:12:06]} 30. Nf3 {[%emt 0:01:13]} Bd3 {[%emt 0:00:24]} 31. Bg2 {[%emt 0:02:36]} f6 {[%emt 0:03:53]} 32. Nxh4 {[%emt 0:01:45]} fxg5 {[%emt 0:01:41]} 33. Ng6 {[%emt 0:00:14]} Rh6 {[%emt 0:03:51]} 34. Nxe7 {[%emt 0:05:05]} Kxe7 {[%emt 0:00:08]} 35. f5 {[%emt 0:00:27]} Rh5 {[%emt 0:13:25]} 36. Bf3 {[%emt 0:01:59]} Rch8 {[%emt 0:03:15]} 37. Bxh5 {[%emt 0:00:34]} Rxh5 {[%emt 0:00:09]} 38. Qf3 {[%emt 0:00:59]} Qe8 {[%emt 0:01:00]} 39. fxe6 {[%emt 0:00:19]} Qg6 {[%emt 0:00:45]} 40. e5 {[%emt 0:00:32]} d5 {[%emt 0:01:35]} 41. Qxd5 {[%emt 1:00:23]} Qxe6 {[%emt 0:00:26]} 42. Qxe6+ {[%emt 0:00:00]} Kxe6 {[%emt 0:00:08]} 43. Kg2 {[%emt 0:00:00]} Bf5 {[%emt 0:03:41]} 44. Re3 {[%emt 0:00:00]} Rh4 {[%emt 0:07:52]} 45. Bd2 {[%emt 0:00:00]} g4 {[%emt 0:02:02]} 46. hxg4 {[%emt 0:00:00]} Rxg4+ {[%emt 0:00:08]} 47. Kf2 {[%emt 0:00:00]} Rh4 {[%emt 0:02:17]} 48. Rg3 {[%emt 0:00:00]} g6 {[%emt 0:01:40]} 49. Bg5 {[%emt 0:00:00]} Rh2+ {[%emt 0:01:38]} 50. Rg2 {[%emt 0:00:00]} Rh1 {[%emt 0:00:46]} 51. Rg1 {[%emt 0:00:00]} Rh5 {[%emt 0:03:57]} 52. Bf4 {[%emt 0:00:00]} Rh4 {[%emt 0:05:16]} 53. Bg3 {[%emt 0:47:10]} 1/2-1/2

[Event "Fagernes GM-A 2019"]
[Site "Fagernes"]
[Date "2019.04.16"]
[Round "3.1"]
[White "Romanov, Evgeny"]
[Black "Demchenko, Anton"]
[Result "1/2-1/2"]
[WhiteElo "2576"]
[BlackElo "2661"]
[Annotator "TA"]
[PlyCount "61"]
[EventDate "2019.04.14"]
[EventType "tourn"]
[EventCountry "NOR"]
[SourceTitle "playchess.com"]
[Source "ChessBase"]
[SourceQuality "1"]

{[%evp 18,61,29,28,16,0,0,0,0,6,4,13,11,2,3,13,13,0,30,19,23,23,30,6,7,4,11,6,16,13,31,35,35,32,30,22,54,36,25,13,33,6,6,0,0,-2]} 1. c4 e5 2. Nc3 Nc6 3. Nf3 Nf6 4. g3 g6 5. Bg2 Bg7 6. O-O O-O 7. d4 d6 8. dxe5 dxe5 9. Bg5 Be6 10. Qa4 Qb8 {E62: King's Indian: Fianchetto: 6...c6 and Panno Variation (6...Nc6) without ...a6} 11. Bxf6 Bxf6 12. Nd2 Nd8 $146 ({Predecessor:} 12... Bg7 13. Rfd1 Rd8 14. Nb3 Nd4 15. Nc5 c6 16. e3 Bg4 17. exd4 exd4 18. N3e4 Bxd1 19. Rxd1 {1-0 (32) Carlsen,M (2835)-Firouzja,A (2607) St Petersburg 2018}) 13. Nde4 Bg7 14. Nc5 c6 15. Rad1 Qc7 16. N3e4 Bc8 17. Rd2 Ne6 18. Nxe6 Bxe6 19. Rfd1 Rfd8 20. Nc5 {Threatening Rxd8+.} Rxd2 21. Rxd2 Bc8 22. Qd1 Bf6 23. Nd7 Bxd7 24. Rxd7 Qb6 25. b3 Rd8 26. h4 h5 27. e3 Be7 28. Bh3 Kf8 29. Kg2 Ke8 30. Rxd8+ Qxd8 31. Qxd8+ {Accuracy: White = 37%, Black = 80%.} 1/2-1/2

[Event "Fagernes GM-A 2019"]
[Site "Fagernes"]
[Date "2019.04.16"]
[Round "3.2"]
[White "Urkedal, Frode Olav Olsen"]
[Black "Vovk, Andriy"]
[Result "1/2-1/2"]
[WhiteElo "2513"]
[BlackElo "2616"]
[Annotator "TA"]
[PlyCount "171"]
[EventDate "2019.04.14"]
[EventType "tourn"]
[EventCountry "NOR"]
[SourceTitle "playchess.com"]
[Source "ChessBase"]
[SourceQuality "1"]

{[%evp 9,171,36,32,29,58,26,18,0,4,0,0,0,63,89,77,77,79,81,75,63,79,58,54,49,48,16,67,51,70,60,92,98,96,86,96,81,111,104,97,100,93,87,84,83,77,73,82,73,72,74,77,47,77,0,72,73,73,69,108,108,144,144,144,144,144,144,175,144,144,101,130,130,144,144,144,144,144,144,144,144,144,144,144,144,144,144,144,144,144,144,144,144,144,144,144,144,144,144,144,144,148,148,199,144,144,144,144,144,144,144,236,235,237,237,229,233,237,229,229,228,2809,1920,1118,1019,719,1085,1014,984,906,932,679,873,780,699,806,748,1251,1189,949,741,1786,1709,1461,1380,965,580,29942,11944,12839,12137,11417,5050,4998,2330,1051,1037,29956,1010,29950,969,918,917,837,592]} 1. d4 f5 2. Bg5 h6 3. Bh4 g5 4. e3 Bg7 (4... Nf6 5. Be2 d6 6. Bh5+ Kd7 7. Bg3 Nxh5 8. Qxh5 Qe8 9. Qe2 Kd8 10. Nc3 Nd7 11. h4 g4 {½-½ (33) Harikrishna,P (2727)-Ivanchuk,V (2704) Beijing 2014}) 5. Bg3 c5 6. c3 {A80: Dutch Defence: Unusual White second moves} Qb6 7. Nd2 d5 8. h4 {aiming for hxg5.The position is equal.} cxd4 9. cxd4 f4 $146 {[%cal Rf4g3]} ({Predecessor:} 9... g4 10. Qb3 Qxb3 11. Nxb3 Nf6 {1-0 (41) Elsness,F (2444)-Bern,I (2303) Norway 2017}) 10. exf4 g4 (10... gxf4 $11 11. Bxf4 Qxd4 12. Bb5+ Kf8) 11. Bd3 $14 h5 12. Ne2 $36 {[%mdl 2048] White has strong initiative.} Nh6 13. O-O Bf5 14. Nb3 O-O 15. Re1 Qg6 16. Bxf5 Nxf5 17. Nc3 Nc6 (17... Rd8 $11) 18. Nxd5 {Strongly threatening Nc7.} Rad8 19. Ne3 Bxd4 20. Nxd4 Nfxd4 21. Qc1 e6 22. Qc4 Kh7 23. Rad1 Rf7 24. Kh1 Rfd7 25. Rd2 Nf5 26. Rxd7+ Rxd7 27. Nf1 Rd5 28. Qb3 Qf7 29. Ne3 Rd7 30. Nc4 Rd5 31. Ne3 Rd7 $1 32. Kh2 Qf6 33. Qb5 Kg6 34. Nc4 Kf7 35. Ne5+ Nxe5 36. Rxe5 (36. Qxe5 Qxe5 37. Rxe5 Rd2 $11) (36. fxe5 $6 Qd8 $11) 36... Rc7 37. Qd3 Kg6 38. a4 Rc6 39. Qd7 Qf7 40. Qd8 a6 41. b4 Rd6 42. Qc8 Rc6 43. Qb8 Kh7 44. b5 axb5 45. Rxb5 Rc7 46. Ra5 Re7 47. Ra8 {Black must now prevent Qh8+.} Qg7 48. a5 Kg6 49. Qd8 Qd4 50. Qg8+ Qg7 51. Qc8 Qd4 52. Rb8 Qa1 53. Qc5 (53. Rxb7 $6 Rxb7 54. Qxb7 Qxa5 $14) 53... Kh7 54. Rd8 Qg7 55. Qc8 Nh6 (55... Qa1 $16 56. Rd7 Qg7) 56. Rd6 (56. f5 $18 Nxf5 57. Qb8) 56... Qf7 57. Rb6 Nf5 58. Qc4 Kg8 59. Qe4 Nh6 {[#]} (59... Qe8 $16 60. Rxb7 Qa8) 60. f5 $1 $18 Qxf5 61. Qb4 Qf7 62. Qd2 Nf5 63. Qg5+ Kh7 64. Be5 Re8 $2 {[#]} (64... Qg6 65. Qd2 Qf7) 65. Rxb7 $1 {[%mdl 512]} g3+ (65... Qxb7 66. Qxh5+) 66. fxg3 Qxb7 67. Qxh5+ {[%mdl 64] Double Attack} Nh6 68. Bf4 ({Not} 68. Qxe8 Ng4+ 69. Kh3 Nf2+ 70. Kh2 Ng4+ 71. Kh3 Nf2+ 72. Kh2 Ng4+ $11) 68... Qg7 69. Bxh6 $1 ({Worse is} 69. Qxe8 Ng4+ 70. Kh3 Nf2+ 71. Kh2 Ng4+ 72. Kh3 Nf2+ 73. Kh2 Ng4+ $11) 69... Qg6 70. Qxg6+ Kxg6 {[%mdl 4096] Endgame KR-KB} 71. Be3 Kf5 {If Black can now play ...Ra8 this consolidates a bit.} 72. Kh3 Ke4 73. Bb6 e5 74. h5 Kd3 75. g4 e4 76. g5 e3 77. Bxe3 Rxe3+ {KR-KP} 78. Kg4 Re4+ 79. Kf5 Ra4 80. h6 (80. g6 $142 Rxa5+ 81. Kf6) 80... Rxa5+ {KR-K3P} 81. Kg4 Ra4+ 82. Kh5 Ke4 83. g6 (83. h7 $142 Ra1 84. g6 Kf4 85. g7 Kf5 86. Kh4 (86. g4+ Kf6 $11) 86... Rh1+ 87. Kg3 Rxh7 88. g8=Q) 83... Kf5 84. g7 (84. h7 $142 Ra8 85. g4+ Kf4 86. g7 Ra5+ {[#]} 87. g5 $1 {[%mdl 576] Promotion} Rxg5+ 88. Kh6 Rg4 89. g8=Q) 84... Rg4 85. h7 Rxg2 86. Kh4 {[%mdl 32768] Accuracy: White = 74%, Black = 51%. . An unexpected result.} 1/2-1/2

[Event "Fagernes GM-A 2019"]
[Site "Fagernes"]
[Date "2019.04.16"]
[Round "3.3"]
[White "Postny, Evgeny"]
[Black "Vorobiov, Evgeny E."]
[Result "1-0"]
[WhiteElo "2612"]
[BlackElo "2565"]
[Annotator "TA"]
[PlyCount "47"]
[EventDate "2019.04.14"]
[EventType "tourn"]
[EventCountry "NOR"]
[SourceTitle "playchess.com"]
[Source "ChessBase"]
[SourceQuality "1"]

{[%evp 10,47,29,37,35,30,27,27,33,20,48,41,63,43,41,40,56,64,50,47,82,78,116,85,222,124,140,140,244,229,482,491,479,485,662,687,673,669,656,644]} 1. d4 d5 2. c4 dxc4 3. Nf3 a6 4. e3 b5 5. a4 Bb7 6. b3 e6 {D22: Queen's Gambit Accepted: 3 Nf3 a6 4 e3} 7. bxc4 bxc4 8. Bxc4 Nf6 {White has an edge.} (8... c5 9. O-O Nf6 10. Nbd2 Nbd7 11. Rb1 Qc7 12. Bb2 cxd4 13. Bxd4 Bc5 14. Qe2 {½-½ (14) Cheparinov,I (2695)-Ivanchuk,V (2727) Mali Losinj 2017}) 9. Nbd2 c5 10. Rb1 Bd5 $146 ({Predecessor:} 10... Ra7 11. O-O cxd4 12. Bb2 dxe3 13. Bd4 Bxf3 14. Qxf3 Rd7 15. Bxf6 gxf6 16. Ne4 f5 17. Nf6+ Qxf6 18. Rxb8+ Ke7 19. Qxe3 Qd4 20. Qg5+ Qf6 21. Re8+ {1-0 (21) Kazhgaleyev,M (2594)-Makhnyov,D (2379) Almaty 2017}) 11. O-O cxd4 12. Nxd4 Bc5 13. Bb2 $36 {[%mdl 2048] aiming for Nxe6. White fights for an advantage.} O-O 14. Qe2 Qd7 15. Rfc1 {[#] Threatens to win with Bxd5.} Be7 16. Bxd5 exd5 (16... Qxd5 $16 17. e4 Qh5) 17. Qd3 ({White should try} 17. Qf3 $18) 17... Re8 18. Nf5 Bd8 (18... Nc6 $16 19. Nxe7+ Rxe7) 19. Nb3 $18 Qxa4 $2 (19... Nc6 {was necessary.} 20. Nc5 Nb4) 20. Rc8 {White is clearly winning.} Qd7 21. Rbc1 h5 22. Bxf6 Bxf6 23. Rxe8+ {[%mdl 64] [#] Overworked Piece} Qxe8 24. Nd6 {Accuracy: White = 80%, Black = 37%.} 1-0

[Event "Fagernes GM-A 2019"]
[Site "Fagernes"]
[Date "2019.04.16"]
[Round "3.4"]
[White "Efroimski, Marsel"]
[Black "Turov, Maxim"]
[Result "1/2-1/2"]
[WhiteElo "2287"]
[BlackElo "2584"]
[Annotator "TA"]
[PlyCount "76"]
[EventDate "2019.04.14"]
[EventType "tourn"]
[EventCountry "NOR"]
[SourceTitle "playchess.com"]
[Source "ChessBase"]
[SourceQuality "1"]

{[%evp 12,76,18,15,22,12,39,27,32,14,14,14,14,19,26,7,31,7,7,0,0,0,0,0,1,0,0,-8,0,-23,0,0,0,-18,-11,-11,-8,-7,-1,-9,-10,-8,0,-42,-19,-19,0,-4,-2,-53,-22,-75,-29,-27,0,0,0,0,0,0,0,0,0,0,5883,5293,1988]} 1. e4 c5 2. Nf3 Nc6 3. Nc3 e5 4. Bc4 Be7 5. d3 d6 6. Nd2 Bg5 7. Nf1 {[#] Qh5! is the strong threat.} Bxc1 {B30: Sicilian: 2...Nc6 3 Bb5, lines without ...g6} 8. Qxc1 (8. Rxc1 Nge7 9. Ne3 O-O 10. O-O Ng6 11. Ncd5 Be6 12. c3 Na5 13. Nf5 Kh8 14. g3 Qd7 15. Nde3 {1-0 (96) Vachier Lagrave,M (2722)-Carlsen,M (2821) Biel 2011}) 8... Nf6 9. Qg5 $146 ({Predecessor:} 9. Ne3 O-O 10. O-O a6 11. f4 exf4 12. Rxf4 Be6 13. Qd2 b5 14. Bd5 Bxd5 15. exd5 {½-½ (99) Gallego Alcaraz,A (2448)-Martin Del Campo C,R (2376) Santa Clara 2017}) 9... O-O {White has an edge.} 10. Nd5 (10. Ne3 {with more complications.} Be6 11. a4 Nd4 12. O-O b6 13. Qh4) 10... Nxd5 11. Qxd8 Rxd8 12. Bxd5 Ne7 13. Ne3 Rb8 14. O-O Nxd5 15. Nxd5 Be6 16. a4 Bxd5 17. exd5 $11 {[%mdl 4096] Endgame KRR-KRR} Re8 18. Rfe1 f5 19. Ra3 Kf7 20. f3 Kf6 21. a5 Re7 22. Rb3 Rc8 23. c4 g5 24. Rb5 h5 25. b4 cxb4 26. Rxb4 g4 27. f4 Rcc7 28. g3 h4 29. fxe5+ Rxe5 30. Rxe5 (30. Rbb1 $11) 30... Kxe5 {KR-KR} 31. Kf2 (31. gxh4 $11 {keeps the balance.} Rf7 32. Kf2) 31... h3 32. Ke3 f4+ 33. gxf4+ Kf5 34. Kf2 Re7 35. Ra4 Re8 36. Rb4 Re7 37. Ra4 Re1 $2 {[%mdl 8192] [#]} (37... Re8 $11) 38. Kxe1 $18 g3 {[%mdl 32768] Accuracy: White = 52%, Black = 42%. . An unexpected result.} 1/2-1/2

[Event "Fagernes GM-A 2019"]
[Site "Fagernes"]
[Date "2019.04.16"]
[Round "3.5"]
[White "Alekseev, Evgeny"]
[Black "Kizatbay, Abyl"]
[Result "1-0"]
[WhiteElo "2649"]
[BlackElo "2108"]
[Annotator "TA"]
[PlyCount "67"]
[EventDate "2019.04.14"]
[EventType "tourn"]
[EventCountry "NOR"]
[SourceTitle "playchess.com"]
[Source "ChessBase"]
[SourceQuality "1"]

{[%evp 16,67,34,0,2,0,8,5,5,1,12,17,34,43,114,69,85,106,112,108,129,119,157,155,176,112,146,150,170,109,137,127,154,110,289,261,328,330,325,302,389,355,348,318,565,542,863,852,862,854,953,948,916,915]} 1. c4 c5 2. Nc3 Nf6 3. g3 g6 4. Bg2 Nc6 5. e3 Bg7 6. Nge2 d6 7. d3 O-O 8. O-O Bd7 9. h3 a6 {A36: Symmetrical English vs ...g6: 4 Bg2 Bg7} 10. b3 Rb8 11. Bb2 b5 {The position is equal.} 12. Qd2 Qa5 13. g4 $146 ({Predecessor:} 13. Rad1 Nb4 {1-0 (58) Gurevich,M (2694)-Shchekachev,A (2509) Frankfurt 2000}) 13... Rfc8 14. Ng3 Qb4 ({Better is} 14... e6 $14) 15. Qc2 bxc4 16. dxc4 Qa5 17. f4 Nb4 18. Qe2 Qb6 19. Rad1 Bc6 20. e4 (20. Bxc6 $18 Nxc6 21. g5) 20... Qa7 21. Kh2 a5 22. a4 (22. e5 $18 Bxg2 23. Qxg2 (23. Kxg2 Ne8 $16)) 22... Ne8 23. Nb5 Qb7 24. g5 e5 $2 {[#]} (24... Bxb2 $16 25. Qxb2 Ng7) 25. f5 $1 $18 ({Stronger than} 25. Nxd6 Nxd6 26. Rxd6 exf4 $11) 25... Bf8 26. h4 Qe7 27. Bh3 Rd8 28. f6 Qb7 29. h5 Bd7 $2 {[#]} (29... Kh8 30. hxg6 fxg6) 30. hxg6 {White is clearly winning.} hxg6 31. Bxd7 Qxd7 32. Rh1 Qe6 33. Rdf1 Ng7 34. Kg1 {Accuracy: White = 91%, Black = 35%.} 1-0

[Event "Fagernes GM-A 2019"]
[Site "Fagernes"]
[Date "2019.04.16"]
[Round "3.6"]
[White "Galinsky, Timofey"]
[Black "Hauge, Lars Oskar"]
[Result "1-0"]
[WhiteElo "2378"]
[BlackElo "2472"]
[Annotator "TA"]
[PlyCount "99"]
[EventDate "2019.04.14"]
[EventType "tourn"]
[EventCountry "NOR"]
[SourceTitle "playchess.com"]
[Source "ChessBase"]
[SourceQuality "1"]

{[%evp 20,99,15,16,51,29,32,29,41,13,16,0,10,0,0,0,26,36,45,45,41,40,51,31,36,0,0,0,0,1,10,10,60,15,16,0,0,0,730,719,639,677,768,645,580,462,455,454,467,234,529,506,565,497,490,373,815,751,718,684,683,669,683,683,661,655,684,612,518,462,587,501,575,355,29971,29975,29969,1194,619,473,29976,29977]} 1. d4 e6 2. e4 d5 3. exd5 exd5 4. Nf3 Nf6 5. Bd3 Be7 6. O-O O-O 7. Bg5 Bg4 8. Nbd2 Re8 {C01: French: Exchange Variation} 9. Re1 Nbd7 10. h3 (10. c3 c6 11. Qc2 h6 12. Bf4 Nh5 13. Be5 Bg5 14. h3 Bxf3 15. Nxf3 Bf4 16. Bh7+ Kh8 17. Bxf4 Nxf4 18. Bf5 Qc7 19. Bxd7 Qxd7 {1-0 (53) Anand,V (2794)-Hou,Y (2670) Douglas 2017 CBM 181 [Sumets,A]}) 10... Bh5 11. c3 {LiveBook: 3 Games} Bg6 12. Bxg6 hxg6 13. Qb3 Rb8 14. Re3 $146 ({Predecessor:} 14. Re2 Bd6 15. Rae1 Rxe2 16. Rxe2 {½-½ (47) Ryerson,B (2086)-Barredo,L Dos Hermanas 2003}) 14... Bd6 15. Rae1 {[#] Strongly threatening Rxe8+.} Rxe3 16. Rxe3 c6 17. c4 Qc7 18. c5 Bf4 19. Bxf4 Qxf4 20. Qa3 Ra8 21. Qa5 (21. Re7 {is more complex.} Kf8 22. Re2 Qc7 23. g3 Kg8 24. Ng5) 21... Qb8 22. Ne5 Nxe5 23. dxe5 Nd7 24. Nf3 b6 25. Qa4 {With the idea cxb6.} Qb7 26. Ng5 {Black must now prevent e6.} bxc5 27. Qh4 Nf8 28. Rf3 Qxb2 $2 {[%mdl 8192]} (28... Qe7 $11 29. Rxf7 Qxe5) 29. Nxf7 $18 {[%csl Gf7][%cal Rh4h8]} Nh7 {[#]} 30. Qe7 $1 Qb1+ 31. Kh2 {Threatening mate with Nd8.} Qb8 {and the idea ...Qe8 leaves Black hopeful.} 32. Qe6 {White wants to mate with Nd8+.} Qe8 33. Qxg6 Qe7 34. Rf5 $40 {[%mdl 128] White has strong attack.} (34. Nh6+ $142 Kh8 35. Nf7+ Kg8 36. g3) 34... Nf8 $2 (34... Re8 {was worth a try.} 35. Nd6 (35. Qxc6 Qe6 $16) 35... Rd8) 35. Qxc6 Rb8 36. Qxd5 Qe6 37. Qf3 Ng6 $2 (37... Nh7 38. Nd6 Rf8 39. Rxf8+ Nxf8) 38. Qh5 Rb1 39. Rf6 gxf6 40. Qxg6+ Kf8 {And now ...Rb6 would win.} 41. Qxb1 Kxf7 {[%mdl 4096] Endgame KQ-KQ} 42. Qh7+ Kf8 43. Qh8+ Kf7 44. exf6 c4 45. Qg7+ Ke8 46. Qxa7 c3 $2 (46... Qd6+ $18 47. g3 Qxf6 48. Qa8+ Ke7 49. Qb7+ Kd8 50. Qd5+ Ke7) 47. Qb8+ Kd7 48. Qb7+ (48. Qb5+ $142 Kd8 49. Qd3+ Ke8 50. Qxc3 Kf7 51. Kg3 Qf5 52. Qc7+ Kxf6 53. Qf4) 48... Ke8 49. Qc7 Qe1 (49... Qxf6 $18 50. a4 Qxf2 51. Qxc3 Qf4+ 52. Qg3 Qxa4) 50. a4 {Precision: White = 44%, Black = 44%.} 1-0

[Event "Fagernes GM-A 2019"]
[Site "Fagernes"]
[Date "2019.04.16"]
[Round "3.7"]
[White "Vestby-Ellingsen, Mads"]
[Black "Mikalsen, Erlend"]
[Result "0-1"]
[WhiteElo "2333"]
[BlackElo "2397"]
[Annotator "TA"]
[PlyCount "104"]
[EventDate "2019.04.14"]
[EventType "tourn"]
[EventCountry "NOR"]
[SourceTitle "playchess.com"]
[Source "ChessBase"]
[SourceQuality "1"]

{[%evp 19,104,9,10,0,12,0,22,0,11,0,0,0,8,0,-4,-22,-18,-18,-20,-44,-59,-64,-66,-82,-20,-20,22,0,0,0,0,0,0,0,0,-6,0,0,1,2,5,-56,-56,-282,-282,-282,-289,-296,-277,-284,-261,-261,-261,-261,-261,-272,-276,-328,-321,-314,-243,-450,-449,-500,-500,-500,-500,-500,-500,-488,-452,-1593,-1615,-1488,-1336,-1500,-750,-1524,-951,-10341,-11754,-10263,-8031,-29970,-29971,-10421,-10263]} 1. d4 Nf6 2. c4 e6 3. Nf3 b6 4. g3 Ba6 5. b3 Bb4+ 6. Bd2 Be7 7. Nc3 d5 8. cxd5 exd5 9. Bg2 O-O 10. O-O Re8 11. Ne5 {E15: Queen's Indian: 4 g3 sidelines, 4 g3 Ba6 and 4 g3 Bb7 early deviations} Bb7 12. Qc2 Nbd7 13. Nd3 $146 {The position is equal.} ({Predecessor:} 13. Bf4 Nf8 14. Nb5 Ne6 15. Bh3 Nxf4 16. gxf4 c5 17. dxc5 bxc5 18. Bg2 a6 {½-½ (60) Nakamura,H (2785)-Karjakin,S (2781) Paris 2017}) 13... Ne4 14. Nxe4 dxe4 15. Ne5 c5 16. Nxd7 Qxd7 17. Bxe4 Bxe4 18. Qxe4 Bf6 19. Qf3 Qxd4 20. Bf4 Qb2 21. e4 Rad8 (21... Bd4 $17) 22. Rae1 $11 Qxa2 23. e5 $36 {[%mdl 2048] White has the initiative.} Be7 24. Ra1 Qc2 25. Rxa7 {And now Bg5! would win.} Qd3 26. Qxd3 Rxd3 27. Rb1 g5 28. Be3 Bd8 29. b4 c4 30. Rb7 ({White should play} 30. Ra8 $11) 30... Rxe5 $15 31. Bxb6 $2 {[#]} (31. Rc1 $15) 31... Rb5 $19 32. Bxd8 Rxb7 33. Bxg5 {[%mdl 4096] Endgame KRR-KRB} Rb3 34. Rc1 R3xb4 35. Kg2 Kg7 36. Kf3 Kg6 37. Bd2 Rb3+ 38. Be3 Rc7 39. Ke4 Rb8 40. g4 $2 (40. Rc3) 40... c3 41. Rc2 Rb4+ 42. Kf3 Rb2 43. Rc1 c2 44. Ke2 Rb1 45. Kd3 (45. Kd2 $142 Rb4 46. h3) 45... Rxc1 46. Bxc1 {KR-KB} Rc6 47. h3 Kf6 48. f4 Ke6 49. Kd4 f5 50. Kd3 {[#]} h5 $1 51. g5 (51. gxh5 Kd5) 51... Kd5 52. h4 Rc8 {Accuracy: White = 32%, Black = 67%.} 0-1

[Event "Fagernes GM-A 2019"]
[Site "Fagernes"]
[Date "2019.04.16"]
[Round "3.8"]
[White "Andersen, Morten"]
[Black "Blomqvist, Erik"]
[Result "0-1"]
[WhiteElo "2223"]
[BlackElo "2496"]
[Annotator "TA"]
[PlyCount "56"]
[EventDate "2019.04.14"]
[EventType "tourn"]
[EventCountry "NOR"]
[SourceTitle "playchess.com"]
[Source "ChessBase"]
[SourceQuality "1"]

{[%evp 14,56,0,0,0,7,8,-17,-19,-19,-22,-14,-20,-31,-29,-43,-39,-40,-41,-41,-58,-152,-153,-175,-172,-204,-197,-235,-227,-292,-293,-679,-680,-654,-656,-831,-784,-2475,-2057,-2010,-2027,-2137,-1890,-5102,-1759]} 1. d4 Nf6 2. c4 e6 3. g3 d5 4. Nf3 Bb4+ 5. Bd2 Be7 6. Bg2 O-O 7. Qc2 c6 8. O-O a5 {E11: Bogo-Indian} (8... Nbd7 9. Bf4 b6 10. Rd1 Ba6 11. cxd5 cxd5 12. Ne5 Nxe5 13. dxe5 Ng4 14. Bf3 f5 15. exf6 Nxf6 16. Qa4 Bb7 17. Nd2 Qe8 18. Qxe8 Rfxe8 {½-½ (29) Giri,A (2783)-Ding,L (2813) Wijk aan Zee 2019}) 9. Rc1 Nbd7 10. cxd5 $146 ({Predecessor:} 10. a3 b6 11. cxd5 cxd5 12. Nc3 Ba6 13. Qa4 Ne4 14. Nb5 Bxb5 15. Qxb5 Nd6 16. Qd3 a4 {1-0 (49) Gelfand,B (2673)-Saric,I (2695) St Petersburg 2018}) 10... exd5 {The position is equal.} 11. Nc3 Re8 12. a3 g6 13. h3 Nb6 14. Ne5 Bf5 15. Qd1 Nfd7 16. Ng4 Be6 17. e4 ({White should try} 17. Bh6 $15) 17... dxe4 $17 18. Nxe4 f5 $1 {[%csl LRe4,LRg4]} 19. Nh6+ Kg7 20. Nc5 Nxc5 21. dxc5 Nc4 {[%mdl 64] [#] Double Attack} 22. Qe2 $2 (22. Nxf5+ gxf5 23. Bc3+ Bf6 24. Bxf6+ Qxf6 25. Qb3) 22... Nxd2 $19 {Black is clearly winning.} 23. Qxe6 Kxh6 24. Rd1 Bxc5 25. Qa2 {[#]} Bxf2+ $1 26. Kh1 (26. Kxf2 Qd4#) 26... Bxg3 27. b4 Bf4 28. b5 Qg5 {Accuracy: White = 18%, Black = 97%.} 0-1

[Event "Fagernes GM-A 2019"]
[Site "Fagernes"]
[Date "2019.04.16"]
[Round "3.9"]
[White "Notkevich, Benjamin Arvola"]
[Black "Nielsen, Andre"]
[Result "1-0"]
[WhiteElo "2495"]
[BlackElo "2201"]
[Annotator "TA"]
[PlyCount "41"]
[EventDate "2019.04.14"]
[EventType "tourn"]
[EventCountry "NOR"]
[SourceTitle "playchess.com"]
[Source "ChessBase"]
[SourceQuality "1"]

{[%evp 11,41,18,15,0,0,0,0,0,0,5,14,0,0,0,62,55,65,79,77,63,103,125,536,552,896,902,908,910,903,900,889,880]} 1. d4 Nf6 2. c4 e6 3. Nf3 b6 4. g3 Ba6 5. Qc2 Bb7 6. Bg2 c5 7. d5 {E15: Queen's Indian: 4 g3 sidelines, 4 g3 Ba6 and 4 g3 Bb7 early deviations} exd5 8. cxd5 Nxd5 9. O-O {Hoping for Ng5.The position is equal.} Nc6 10. Rd1 Be7 11. Qf5 (11. Rxd5 $2 Nb4 $17) 11... Nf6 12. e4 O-O (12... g6 $11 13. Qf4 O-O) 13. e5 $1 $36 {[%cal Re5f6][%mdl 2048] White has the initiative.} g6 {[#]} 14. Qh3 $146 Ne4 15. Nc3 ({Worse is} 15. Qxd7 Qb8 $17) 15... Nxc3 16. bxc3 Bc8 $2 {[%mdl 8192] [#]} (16... d6 $16 {is a better chance.}) 17. Qh6 $1 $18 {White is clearly winning.} f6 18. exf6 Bxf6 19. Ng5 {[%csl Gg5][%cal Rh6h7]} Qe7 20. Bd5+ Kh8 {[#]} 21. Nxh7 $1 {[%mdl 512] Accuracy: White = 85%, Black = 47%.} 1-0